000 00463nam a22001937a 4500
003 MPLRDC
005 20220104144005.0
008 210129b ||||| |||| 00| 0 eng d
020 _a986-6561-23-8
082 _a857.7 MNQ v.221
100 _a洛彤
245 _a爱腻了名模
_c
250 _a再版
260 _a台湾
_b郑媛书房
_c1998
300 _b196
490 _a迷妳裙系列. 221
650 _a长篇小说
942 _cBK
_o857.7 MNQ v.221
999 _c45308
_d45298